000 00414 a2200109 4500
001 ART_63687
005 20260410162000.0
008 260409a
245 1 0 _aReforma del régimen societario argentino: propuesta inspirada en el modelo francés para empresarios individuales
100 1 _aArecha, Martín
773 0 _tTemas de derecho comercial
_g- Año 11, N° 11/12 (nov./dic. 2025)
_wREV28151
999 _c31165
_d31165